| 000 | 01070nam0a2200289 4500 | ||
|---|---|---|---|
| 001 | RU\NLR\bibl\1161861 | ||
| 005 | 20260406094431.0 | ||
| 010 |
_a978-5-94145-370-2 _95000 |
||
| 021 |
_aRU _b2007-73582 _93962 |
||
| 035 | _a(NLR Aleph) 001148608 | ||
| 090 |
_a1463247 _c1463247 |
||
| 100 | _a20060512d2007 |||y0rusy50 ca | ||
| 101 | 1 |
_arus _cfre |
|
| 102 | _aRU | ||
| 105 | _ay ||||||||| | ||
| 200 | 1 |
_aИмперия Волков _e[роман] _fЖан-Кристоф Гранже _g[пер. с фр. Е. Клоковой] |
|
| 210 |
_aМосква _cИностранка _d2007 |
||
| 215 |
_a572, [1] с. _d19 |
||
| 225 | 1 |
_aСерия "Лекарство от скуки" _fсост. Б. Акунин _fотв. ред. М. Тюнькина |
|
| 320 | _aДр. произведения авт. на 2-й с. | ||
| 686 | _aШ6(4Фр)67-446{Лх1649-60} | ||
| 700 | 1 |
_4070 _aГранже _bЖ.-К. _f1961- _gЖан-Кристоф _3RU\NLR\auth\7768716 _951644 |
|
| 801 | 0 |
_aRU _bNLR _c20060512 _grcr |
|
| 801 | 1 |
_aRU _bNLR _c20060512 |
|
| 942 | _cBOOK | ||
| 980 | _aNB | ||